000 00614nam a2200145 a 4500
008 151130s2007 ||||||||||||||||| || u
020 _a9781856174770
050 _aTP 248.25.S47 Leu
100 _aLeung, Wallace Woon-Fong
245 1 0 _aCentrifugal separations in biotechnology
_cBy Wallace Woon-Fong Leung
260 _aAmsterdam
_bAcademic Press/Elsevier
_c2007
300 _axiv, 298p.: ill.
650 _aCENTRIFUGATION
995 _aMEDICAL LIBRARY OPEN ACCESS
_e903174
_FCBU-SCHOOL OF MEDICINE LIBRARY (Ndola)
_I235.00
_jTP 248.25.S47 Leu
_M1
_UAVAILABLE
_WDec 14, 2015
_y903174
_ZMedical Library Open Access Collection
999 _c30951
_d30951